| 000 | 00902nam a2200265Ia 4500 | ||
|---|---|---|---|
| 003 | GCL | ||
| 008 | 140319s9999 xx 000 0 ara d | ||
| 020 | _a130322977 | ||
| 040 |
_aGCL / _cGCL |
||
| 082 | 0 | 4 |
_aق _b676 _bهـ و |
| 100 | 1 | _aهالة شاكر | |
| 245 | 1 | 0 |
_aالورق والوراقون فى العصر العباسى / _cهالة شاكر |
| 260 |
_aالقاهرة : _bعين للدراسات والبحوث الانسانية والاجتماعية ، _c2004 |
||
| 300 |
_a287 ص ؛ _c24 سم |
||
| 650 | 0 | 4 | _aالبردى |
| 650 | 0 | 4 | _aالوراقة |
| 650 | 0 | 4 | _aالكتابة العربية |
| 650 | 0 | 4 | _aالوراقون |
| 650 | 0 | 4 | _aالكتب - تاريخ |
| 650 | 0 | 4 | _aالورق - صناعة وتجارة - ضبط الجودة |
| 650 | 0 | 4 | _aالورق - تاريخ |
| 650 | 0 | 4 | _aالكتب - زخرفة |
| 650 | 0 | 4 | _aالكتب - تجليد |
| 942 |
_2ddc _cBK |
||
| 999 |
_c6322 _d6322 |
||